| 000 | 01013pam a2200361 a 4500 | ||
|---|---|---|---|
| 999 |
_c936 _d936 |
||
| 001 | 013656055 | ||
| 003 | Uk | ||
| 005 | 20191227100818.0 | ||
| 008 | 070124s2007 enk j 000 1 eng d | ||
| 015 |
_aGBA708575 _2bnb |
||
| 016 | 7 |
_a013656055 _2Uk |
|
| 020 | _a9781406307627 (pbk.) : | ||
| 020 | _a1406307629 (pbk.) : | ||
| 040 |
_aStDuBDS _beng _cStDuBDS _dUk |
||
| 042 | _aukblcatcopy | ||
| 082 | _aFIC CLA | ||
| 100 | 1 |
_aClare, Cassandra. _eauthor |
|
| 245 | 1 | 0 |
_aCity of bones / _cCassandra Clare. |
| 246 | _aShadowhunters | ||
| 260 |
_aLondon : _bWalker, _c2007. |
||
| 300 |
_a442 p. ; _bmap : _c20 cm. |
||
| 336 |
_atext _2rdacontent |
||
| 337 |
_aunmediated _2rdamedia |
||
| 338 |
_avolume _2rdacarrier |
||
| 490 | 1 |
_aThe mortal instruments ; _vbk. 1 |
|
| 500 |
_aFormerly CIP. _5Uk |
||
| 650 | 0 |
_aDemonology _vFiction. |
|
| 650 | 0 |
_aSupernatural _vFiction. |
|
| 655 | 7 |
_aHorror tales. _2gsafd |
|
| 655 | 0 | _aYoung adult fiction. | |
| 830 | 4 |
_aThe mortal instruments ; _vbk. 1 |
|
| 942 |
_2ddc _cFIC |
||